000 00521nam a2200169 i 4500
001 62807
003 ES-MaACL
005 20230906164730.0
007 t|
008 031126s1969 sp ||||1| spa d
100 1 _aFernández Carmona, Julio.
_949550
245 1 0 _aOvino de carne en estabulación /
_cpor Julio Fernández Carmona, Juan Gálvez Morros.
260 _aBarcelona :
_bAedos,
_c[1969]
300 _a161 p. :
_bil. ;
_c20 cm.
700 1 _aGálvez Morros, Juan.
_953727
852 _aES-MaACL
_jC-50437
_bR.68923
999 _c62807
_d62807